=LDR 00000nam 2200000 4500 =001 INLIS000000000047164 =005 20150827131907.0 =006 =007 =008 =035 ##$$0010-081500000000078 =082 ##$$a 028.5 =090 ##$$a 028.5 ham a.4 =100 ##$$a tevi hanafi =245 ##$$a akibat hujan hujanan =260 ##$$a kanisius =300 ##$$a hln.22 =850 ##$$a NPBMAT =990 ##$$a 0001/BPAP-NTB/2015